[Event "Madrid-ch Previa-B"]
[Site "Madrid"]
[Date "2022.03.25"]
[Round "8"]
[White "Palacios Sanchez, Victor"]
[Black "Villar Grandon, Diego"]
[Result "1/2-1/2"]
[WhiteElo "1658"]
[BlackElo "1606"]
[PlyCount "102"]
[EventDate "2022.03.03"]
[EventType "swiss"]
[EventRounds "9"]
[EventCountry "ESP"]
[SourceTitle "EXT 2023"]
[Source "ChessBase"]
[SourceDate "2022.10.05"]
[SourceVersion "1"]
[SourceVersionDate "2022.10.05"]
[SourceQuality "1"]

1. c4 e5 2. g3 f5 3. Bg2 Nf6 4. Nc3 Bc5 5. e3 0-0 6. Nge2 d6 7. d4 exd4 8. exd4 Bb4 9. 0-0 Nbd7 10. Bg5 Qe8 11. a3 Bxc3 12. Nxc3 Qg6 13. Bf4 a6 14. Qb3 Ne4 15. Nd5 Kh8 16. Nxc7 Rb8 17. Nd5 b5 18. Qc2 Bb7 19. f3 Bxd5 20. fxe4 Bxe4 21. Bxe4 fxe4 22. c5 Rbc8 23. b4 d5 24. Qe2 Rf6 25. a4 bxa4 26. Bd6 Rxd6 27. cxd6 Qxd6 28. Rxa4 Rc4 29. Rfa1 h6 30. Rxa6 Qxb4 31. Qh5 Nb6 32. Ra8+ Rc8 33. Rxc8+ Nxc8 34. Qxd5 Nd6 35. Qc5 Qb2 36. Ra8+ Kh7 37. Qxd6 e3 38. Qf4 Qb1+ 39. Kg2 e2 40. Re8 e1Q 41. Rxe1 Qxe1 42. Qf5+ Kg8 43. d5 Qd1 44. Qe6+ Kh7 45. d6 Qd2+ 46. Kh3 h5 47. Qf5+ Kg8 48. d7 Qd6 49. Kh4 g6 50. Qg5 Qd4+ 51. Qf4 Qxd7 1/2-1/2

[Event "Madrid-ch Previa-B"]
[Site "Madrid"]
[Date "2022.03.11"]
[Round "4"]
[White "Portero Rubio, Martin"]
[Black "Villar Grandon, Diego"]
[Result "1-0"]
[WhiteElo "1846"]
[BlackElo "1606"]
[PlyCount "43"]
[EventDate "2022.03.03"]
[EventType "swiss"]
[EventRounds "9"]
[EventCountry "ESP"]
[SourceTitle "EXT 2023"]
[Source "ChessBase"]
[SourceDate "2022.10.05"]
[SourceVersion "1"]
[SourceVersionDate "2022.10.05"]
[SourceQuality "1"]

1. e4 e5 2. Bc4 Nf6 3. d3 Nc6 4. Nc3 Be7 5. f4 d6 6. Nf3 Bg4 7. h3 Bxf3 8. Qxf3 Nd4 9. Qd1 Qd7 10. Be3 a5 11. Qd2 c6 12. a4 h6 13. Qf2 b5 14. axb5 cxb5 15. Bd5 Nxd5 16. Nxd5 Qc6 17. Bxd4 exd4 18. 0-0 Qc5 19. b4 Qa7 20. Rxa5 Qb7 21. Rxa8+ Qxa8 22. Nc7+ 1-0